[Event "Zagreb Superbet Blitz"]
[Site "Zagreb"]
[Date "2025.07.06"]
[Round "17"]
[White "Carlsen, Magnus"]
[Black "Praggnanandhaa, Rameshbabu"]
[Result "1/2-1/2"]
[WhiteElo "2839"]
[BlackElo "2779"]
[PlyCount "165"]
[EventDate "2025.07.05"]
[EventType "tourn (blitz)"]
[EventRounds "18"]
[EventCountry "CRO"]
[SourceTitle "CB28_2025"]
[SourceDate "2025.07.09"]
[SourceVersion "1"]
[SourceVersionDate "2025.07.09"]
[SourceQuality "1"]

1. e4 e5 2. Nf3 Nc6 3. Nc3 Nf6 4. d4 exd4 5. Nxd4 Bb4 6. Nxc6 bxc6 7. Bd3 0-0 8. 0-0 d5 9. exd5 cxd5 10. Bg5 Be6 11. Nb5 c5 12. a3 Ba5 13. b4 Bb6 14. bxc5 Bxc5 15. Qd2 Rc8 16. c3 h6 17. Be3 Ne4 18. Bxe4 dxe4 19. Nd4 Bc4 20. Rfe1 Qf6 21. Qd1 Qg6 22. h3 Bd3 23. Qg4 Qxg4 24. hxg4 Bb6 25. Nf5 Rxc3 26. Ne7+ Kh8 27. Nd5 Bxe3 28. Rxe3 Rb3 29. Nf4 Rd8 30. a4 a5 31. Kh2 Rb4 32. Ra3 Rdd4 33. Kg3 Ba6 34. Rec3 Rxa4 35. Rxa4 Rxa4 36. Rc5 Bc4 37. Nh5 Be6 38. Nf4 Ra3+ 39. f3 e3 40. Nxe6 fxe6 41. Re5 a4 42. f4 Rb3 43. Kf3 a3 44. Rxe6 Kg8 45. Re7 Kf8 46. Ra7 Rc3 47. f5 Rb3 48. Ke2 Kg8 49. Kf3 Kh7 50. Ke2 Kh8 51. Ra8+ Kh7 52. Ra7 Kg8 53. Kf3 Rc3 54. Ke2 Rc2+ 55. Kxe3 Rxg2 56. Kf3 Ra2 57. Kg3 Ra1 58. Kf2 a2 59. Kg2 Kf8 60. Ra8+ Ke7 61. Ra6 Kd7 62. Ra8 Kd6 63. Ra7 Ke5 64. Ra4 Kf6 65. Ra7 Ke5 66. Ra4 Kd5 67. Ra7 Ke4 68. Ra4+ Ke3 69. Ra3+ Kf4 70. Ra4+ Kg5 71. Ra7 Kh4 72. Kh2 Rc1 73. Rxa2 Rc4 74. Ra6 Rc2+ 75. Kg1 Kg3 76. Ra3+ Kxg4 77. Ra7 Kxf5 78. Rxg7 Rc6 79. Kh2 Rg6 80. Rxg6 Kxg6 81. Kg3 h5 82. Kh4 Kf6 83. Kxh5 1/2-1/2

[Event "Zagreb Superbet Blitz"]
[Site "Zagreb"]
[Date "2025.07.06"]
[Round "12"]
[White "Praggnanandhaa, Rameshbabu"]
[Black "Giri, Anish"]
[Result "0-1"]
[WhiteElo "2779"]
[BlackElo "2748"]
[PlyCount "144"]
[EventDate "2025.07.05"]
[EventType "tourn (blitz)"]
[EventRounds "18"]
[EventCountry "CRO"]
[SourceTitle "CB28_2025"]
[SourceDate "2025.07.09"]
[SourceVersion "1"]
[SourceVersionDate "2025.07.09"]
[SourceQuality "1"]

1. b3 c5 2. Bb2 Nc6 3. c4 e6 4. Nf3 Nf6 5. g3 d5 6. cxd5 exd5 7. Bg2 h5 8. 0-0 Be7 9. h4 0-0 10. d4 cxd4 11. Nxd4 Bg4 12. Nc3 Re8 13. Rc1 Rc8 14. Nf3 a6 15. a3 Qd6 16. b4 Rcd8 17. Qd3 Ne4 18. Rfd1 Nxc3 19. Bxc3 Bf6 20. Rd2 d4 21. Bb2 Qe6 22. Qb1 Rd7 23. Rcd1 Red8 24. Qa1 Qe7 25. Qc1 g6 26. Re1 Bg7 27. Qa1 Rd6 28. Ng5 Bf5 29. e4 Bg4 30. e5 R6d7 31. f4 Bh6 32. Ne4 Bg7 33. Kh2 d3 34. Nc5 Rc7 35. Rxd3 Rxd3 36. Nxd3 Rd7 37. Nc5 Rd2 38. Bc3 Rc2 39. Rc1 Re2 40. Re1 Rc2 41. Kg1 Qd8 42. Be4 Re2 43. Rxe2 Bxe2 44. Qe1 Bg4 45. Nxb7 Qb6+ 46. Nc5 a5 47. Kh2 axb4 48. axb4 Ne7 49. Qd2 Kh7 50. Bd4 Qb5 51. Bf2 Nf5 52. Bd5 Qf1 53. Bg2 Qc4 54. Ne4 Qb3 55. Ng5+ Kg8 56. Qd8+ Bf8 57. Be1 Ne3 58. Qd2 Nxg2 59. Kxg2 Qc4 60. Kh2 Bc8 61. Bf2 Bb7 62. Qd7 Bc6 63. Qc7 Qd5 64. Qxf7+ Qxf7 65. Nxf7 Kxf7 66. g4 hxg4 67. Kg3 Bf3 68. b5 Ke6 69. b6 Kf5 70. Be3 Bb4 71. Bf2 Bd2 72. Kh2 Bxf4+ 0-1

[Event "Zagreb Superbet Blitz"]
[Site "Zagreb"]
[Date "2025.07.05"]
[Round "1"]
[White "Saric, Ivan"]
[Black "Praggnanandhaa, Rameshbabu"]
[Result "1/2-1/2"]
[WhiteElo "2661"]
[BlackElo "2779"]
[PlyCount "136"]
[EventDate "2025.07.05"]
[EventType "tourn (blitz)"]
[EventRounds "18"]
[EventCountry "CRO"]
[SourceTitle "CB28_2025"]
[SourceDate "2025.07.09"]
[SourceVersion "1"]
[SourceVersionDate "2025.07.09"]
[SourceQuality "1"]

1. e4 e5 2. Nf3 Nc6 3. d4 exd4 4. Nxd4 Nf6 5. Nxc6 bxc6 6. Bd3 d6 7. 0-0 g6 8. b3 Bg7 9. Bb2 0-0 10. Nd2 Re8 11. Rb1 a5 12. a4 Nd7 13. Bxg7 Kxg7 14. f4 Nc5 15. Qf3 Qf6 16. Kh1 Ba6 17. Bxa6 Rxa6 18. Rbe1 Qd4 19. f5 Rf8 20. Nc4 d5 21. f6+ Kh8 22. exd5 cxd5 23. Rd1 Qh4 24. g3 Qh3 25. Qxd5 Ne6 26. Ne5 Rd6 27. Qg2 Qh5 28. Rxd6 cxd6 29. Nd3 Qg4 30. Qf3 Qd4 31. Nf4 Qxf6 32. Nxe6 Qxe6 33. c4 Kg8 34. Rd1 Re8 35. Kg2 Qe5 36. Rd2 Re6 37. Qd5 Qe1 38. Rf2 Kg7 39. Qd4+ Qe5 40. Qd3 h5 41. h4 Re7 42. Qf3 Kg8 43. Qa8+ Kh7 44. Qf3 Kg7 45. Qd3 Re6 46. Qf3 Rf6 47. Qxf6+ Qxf6 48. Rxf6 Kxf6 49. Kf3 Ke5 50. Ke3 d5 51. c5 d4+ 52. Kd3 Kd5 53. c6 Kxc6 54. Kxd4 f6 55. Kc4 g5 56. b4 axb4 57. Kxb4 Kb6 58. Kc4 Ka5 59. Kd4 Kxa4 60. Ke4 Kb5 61. Kf5 gxh4 62. gxh4 Kc6 63. Kxf6 Kd6 64. Kg6 Ke6 65. Kxh5 Kf7 66. Kg4 Kg6 67. h5+ Kh6 68. Kf4 Kxh5 1/2-1/2

[Event "Zagreb Superbet Rapid"]
[Site "Zagreb"]
[Date "2025.07.04"]
[Round "7"]
[White "Praggnanandhaa, Rameshbabu"]
[Black "Saric, Ivan"]
[Result "1-0"]
[WhiteElo "2767"]
[BlackElo "2661"]
[PlyCount "131"]
[EventDate "2025.07.02"]
[EventType "tourn (rapid)"]
[EventRounds "9"]
[EventCountry "CRO"]
[EventCategory "21"]
[SourceTitle "CB28_2025"]
[SourceDate "2025.07.09"]
[SourceVersion "1"]
[SourceVersionDate "2025.07.09"]
[SourceQuality "1"]

1. e4 c5 2. Nf3 d6 3. d4 cxd4 4. Nxd4 Nf6 5. Nc3 a6 6. Bg5 e6 7. Qf3 h6 8. Bd2 e5 9. Nf5 Nc6 10. Nd5 Bxf5 11. exf5 Nd4 12. Nxf6+ gxf6 13. Qd3 Qd7 14. c3 Nxf5 15. g3 Ne7 16. Bg2 f5 17. Be3 Rg8 18. 0-0-0 Rg6 19. Kb1 Rc8 20. h4 b5 21. h5 Rf6 22. Rd2 Nc6 23. Qe2 Be7 24. f4 e4 25. Bh3 d5 26. Rhd1 Rd8 27. Bb6 d4 28. Bxd8 Qxd8 29. cxd4 Qd5 30. Qe3 Nb4 31. Qb3 Qxb3 32. axb3 Nd5 33. Rc1 Bb4 34. Rdc2 e3 35. Re2 Bd2 36. Rc2 Ne7 37. d5 Rd6 38. Bg2 Kd7 39. Rcxd2 exd2 40. Rxd2 Rb6 41. Kc2 Kd6 42. b4 Rb8 43. Rd3 Rc8+ 44. Kb1 Rb8 45. Ra3 Rb6 46. Kc2 Ng8 47. Bf3 Nf6 48. Rc3 Ne4 49. Bxe4 fxe4 50. Rc5 f5 51. Kc3 a5 52. bxa5 Kxc5 53. axb6 Kxb6 54. Kd4 Kc7 55. g4 fxg4 56. Kxe4 Kd6 57. b4 g3 58. Kf3 Kxd5 59. Kxg3 Ke6 60. Kf2 Kf6 61. Ke3 Ke6 62. Ke4 Kf6 63. f5 Kg5 64. Ke5 Kxh5 65. f6 Kg6 66. Ke6 1-0

[Event "Jermuk Avagyan Memorial"]
[Site "Jermuk"]
[Date "2025.06.05"]
[Round "8"]
[White "Xu, Xiangyu"]
[Black "Praggnanandhaa, Rameshbabu"]
[Result "1/2-1/2"]
[WhiteElo "2623"]
[BlackElo "2758"]
[PlyCount "36"]
[EventDate "2025.05.29"]
[EventType "tourn"]
[EventRounds "9"]
[EventCountry "ARM"]
[EventCategory "17"]
[SourceTitle "CB24_2025"]
[SourceDate "2025.06.11"]
[SourceVersion "1"]
[SourceVersionDate "2025.06.11"]
[SourceQuality "1"]

1. c4 e5 2. Nc3 d6 3. Nf3 f5 4. d4 e4 5. Ng5 c6 6. Nh3 Be7 7. Nf4 Nf6 8. h4 0-0 9. e3 Na6 10. Be2 d5 11. cxd5 cxd5 12. Ncxd5 Nxd5 13. Qb3 Nac7 14. Bc4 Kh8 15. Bxd5 Bd6 16. Bc4 b5 17. Be2 Bxf4 18. exf4 Ne6 1/2-1/2

[Event "Jermuk Avagyan Memorial"]
[Site "Jermuk"]
[Date "2025.06.04"]
[Round "7"]
[White "Hakobyan, Aram"]
[Black "Praggnanandhaa, Rameshbabu"]
[Result "0-1"]
[WhiteElo "2620"]
[BlackElo "2758"]
[PlyCount "156"]
[EventDate "2025.05.29"]
[EventType "tourn"]
[EventRounds "9"]
[EventCountry "ARM"]
[EventCategory "17"]
[SourceTitle "CB24_2025"]
[SourceDate "2025.06.11"]
[SourceVersion "1"]
[SourceVersionDate "2025.06.11"]
[SourceQuality "1"]

1. d4 Nf6 2. c4 e6 3. g3 d5 4. Bg2 Bb4+ 5. Bd2 a5 6. Nf3 0-0 7. Qc2 Bd6 8. Bg5 Nbd7 9. 0-0 h6 10. Bxf6 Nxf6 11. Nc3 c6 12. e4 Nxe4 13. Nxe4 dxe4 14. Qxe4 c5 15. Rad1 Qc7 16. Rfe1 Ra6 17. d5 exd5 18. Qxd5 Be7 19. Qe5 Rd6 20. Rd5 Be6 21. Rxc5 Qd8 22. Qe2 Bf6 23. Rb5 b6 24. c5 bxc5 25. Rxc5 a4 26. b3 a3 27. Qc2 Qb6 28. Bf1 Rfd8 29. Rb5 Qc6 30. Qxc6 Rxc6 31. Ra5 Bb2 32. Ra7 Rc2 33. Bc4 Bxc4 34. bxc4 Bc3 35. Rb1 Rxa2 36. Rb3 Bb2 37. Kg2 Rc8 38. Ne1 Bd4 39. Raxa3 Rxf2+ 40. Kh3 g5 41. Nf3 Rxc4 42. g4 Bc5 43. Kg3 Bxa3 44. Kxf2 Bc5+ 45. Kg3 Bd6+ 46. Kh3 f5 47. gxf5 g4+ 48. Kg2 Rc2+ 49. Kf1 gxf3 50. Rxf3 Rxh2 51. Rf2 Rh4 52. Rg2+ Kf7 53. Rg6 Bf4 54. Kg2 Bg5 55. Ra6 Rf4 56. Ra5 Kf6 57. Kg3 Rb4 58. Rc5 h5 59. Rc6+ Kxf5 60. Rc5+ Kg6 61. Rc3 Bf4+ 62. Kf3 Kf5 63. Ra3 Be5 64. Rd3 h4 65. Kg2 Kg4 66. Rd1 Rb2+ 67. Kh1 Re2 68. Rg1+ Bg3 69. Rg2 Re1+ 70. Rg1 Re4 71. Rg2 Kf3 72. Rg1 Bf2 73. Rb1 Re2 74. Kh2 Kg4 75. Rf1 Bd4+ 76. Kh1 Be3 77. Rf3 Re1+ 78. Kg2 Rg1+ 0-1

[Event "Chess.com Classic Play In"]
[Site "Chess.com INT"]
[Date "2025.05.19"]
[Round "6"]
[White "Banusz, Tamas"]
[Black "Praggnanandhaa, Rameshbabu"]
[Result "0-1"]
[WhiteElo "2605"]
[BlackElo "2758"]
[PlyCount "86"]
[EventDate "2025.05.19"]
[EventType "swiss (blitz)"]
[EventRounds "9"]
[EventCountry "USA"]
[SourceTitle "CB21_2025"]
[SourceDate "2025.05.21"]
[SourceVersion "1"]
[SourceVersionDate "2025.05.21"]
[SourceQuality "1"]

1. d4 Nf6 2. g3 c5 3. d5 b5 4. a4 b4 5. c4 bxc3 6. Nxc3 d6 7. e4 g6 8. Bb5+ Bd7 9. Nf3 a6 10. Bc4 Bg7 11. e5 dxe5 12. Nxe5 Bh3 13. Qf3 Nbd7 14. Nc6 Qc7 15. Bf4 Qb7 16. 0-0-0 0-0 17. d6 Rfb8 18. Nxe7+ Kf8 19. Qxb7 Rxb7 20. Ned5 Rab8 21. b3 Ng4 22. Rd2 Nge5 23. Bxa6 Rxb3 24. Bb5 Nf3 25. Rb2 c4 26. Rxb3 cxb3 27. Kb2 Nd4 28. Rd1 Nxb5 29. axb5 Rxb5 30. Ra1 Rb8 31. Ra7 h6 32. Rc7 g5 33. Be3 Ne5 34. Nb6 Be6 35. d7 Nd3+ 36. Kb1 Rd8 37. Ne4 Be5 38. Ra7 Bf5 39. f3 g4 40. Bxh6+ Ke7 41. Nc8+ Ke6 42. Ng5+ Kd5 43. Nxf7 Nc5+ 0-1

[Event "Chess.com Classic Play In"]
[Site "Chess.com INT"]
[Date "2025.05.19"]
[Round "8"]
[White "Praggnanandhaa, Rameshbabu"]
[Black "Bok, Benjamin"]
[Result "1-0"]
[WhiteElo "2758"]
[BlackElo "2591"]
[PlyCount "53"]
[EventDate "2025.05.19"]
[EventType "swiss (blitz)"]
[EventRounds "9"]
[EventCountry "USA"]
[SourceTitle "CB21_2025"]
[SourceDate "2025.05.21"]
[SourceVersion "1"]
[SourceVersionDate "2025.05.21"]
[SourceQuality "1"]

1. c4 c5 2. Nf3 Nc6 3. Nc3 Nf6 4. d4 cxd4 5. Nxd4 e6 6. g3 Qb6 7. Ndb5 Ne5 8. Bg2 a6 9. Na4 Qa5+ 10. Nbc3 Nxc4 11. 0-0 d5 12. b3 Ne5 13. e4 Bb4 14. Bb2 b5 15. a3 Bxc3 16. Nxc3 0-0 17. exd5 Bb7 18. Qd4 Ned7 19. dxe6 Bxg2 20. exd7 Bxf1 21. Nd5 Qd8 22. Rxf1 Nh5 23. Re1 Kh8 24. Re7 Rb8 25. Qe5 Rb7 26. Qxh5 Rxd7 27. Qg4 1-0

[Event "Chess.com Classic Play In"]
[Site "Chess.com INT"]
[Date "2025.05.19"]
[Round "4"]
[White "Praggnanandhaa, Rameshbabu"]
[Black "Yilmaz, Mustafa"]
[Result "1-0"]
[WhiteElo "2758"]
[BlackElo "2586"]
[PlyCount "81"]
[EventDate "2025.05.19"]
[EventType "swiss (blitz)"]
[EventRounds "9"]
[EventCountry "USA"]
[SourceTitle "CB21_2025"]
[SourceDate "2025.05.21"]
[SourceVersion "1"]
[SourceVersionDate "2025.05.21"]
[SourceQuality "1"]

1. c4 e5 2. a3 c6 3. d4 e4 4. d5 cxd5 5. cxd5 Bc5 6. Nc3 Nf6 7. b4 Bd6 8. Bg5 Be5 9. Rc1 Bxc3+ 10. Rxc3 0-0 11. Qd4 d6 12. e3 Nbd7 13. Bb5 h6 14. Bh4 Ne5 15. f4 Ng6 16. Bxf6 Qxf6 17. Qxf6 gxf6 18. Rc7 a5 19. bxa5 Rxa5 20. a4 b6 21. Ne2 Ba6 22. Bxa6 Rxa6 23. Nc3 b5 24. Nxb5 Rxa4 25. 0-0 Rb8 26. Nxd6 Ra2 27. Kh1 Rbb2 28. Rg1 Nh4 29. Nxe4 Rxg2 30. d6 Kh7 31. Rxg2 Nxg2 32. d7 Nxe3 33. h3 Ra1+ 34. Kh2 Rd1 35. Rc8 f5 36. Nc5 Rd2+ 37. Kg1 Rg2+ 38. Kh1 Rf2 39. d8Q Rf1+ 40. Kh2 Rf2+ 41. Kg3 1-0

[Event "Bucharest Superbet Classic 5th"]
[Site "Bucharest"]
[Date "2025.05.09"]
[Round "3"]
[White "Praggnanandhaa, Rameshbabu"]
[Black "Abdusattorov, Nodirbek"]
[Result "1-0"]
[WhiteElo "2758"]
[BlackElo "2771"]
[PlyCount "121"]
[EventDate "2025.05.07"]
[EventType "tourn"]
[EventRounds "9"]
[EventCountry "ROU"]
[EventCategory "20"]
[SourceTitle "CB21_2025"]
[SourceDate "2025.05.21"]
[SourceVersion "1"]
[SourceVersionDate "2025.05.21"]
[SourceQuality "1"]

1. c4 g6 2. d4 Nf6 3. Nc3 d5 4. Nf3 Bg7 5. Bg5 Ne4 6. Bf4 0-0 7. e3 c5 8. cxd5 Nxc3 9. bxc3 Qxd5 10. Be2 cxd4 11. cxd4 Nc6 12. 0-0 Bf5 13. h4 Rac8 14. h5 Rfd8 15. h6 Bf6 16. Qa4 Qa5 17. Qxa5 Nxa5 18. Rac1 Nc6 19. a3 e6 20. Ng5 e5 21. dxe5 Nxe5 22. Rxc8 Rxc8 23. Rd1 Be7 24. e4 Bxg5 25. Bxg5 Bxe4 26. Bf6 Nc6 27. Rd7 Nb8 28. Re7 Bd5 29. Bg7 Rd8 30. Bb5 a6 31. Ba4 b5 32. Bd1 Nc6 33. Rc7 Be6 34. Rxc6 Rxd1+ 35. Kh2 Rd8 36. Rxa6 Bc4 37. Ra7 Bd5 38. f3 Ra8 39. Rd7 Bc4 40. Rb7 Re8 41. Kg3 Ra8 42. Kf2 Re8 43. Be5 Rc8 44. Bg7 Ra8 45. g4 Re8 46. Kg3 Be2 47. f4 Ra8 48. Kh4 Rc8 49. Kg5 Bd3 50. Be5 Re8 51. Bd6 Bc4 52. f5 Rc8 53. Be5 Re8 54. Rd7 Rc8 55. Bf6 gxf5 56. gxf5 Kf8 57. Rb7 Ra8 58. Be7+ Ke8 59. Bb4 Ra6 60. Rb8+ Kd7 61. Rh8 1-0